[Event "HUN-chT2 Barcza 1617"]
[Site "Hungary"]
[Date "2017.03.12"]
[Round "10.4"]
[White "Sike, Tamas"]
[Black "Czina, Tivadar"]
[Result "1-0"]
[WhiteElo "1982"]
[BlackElo "2148"]
[PlyCount "107"]
[EventDate "2016.09.25"]
[EventType "team-tourn"]
[EventRounds "11"]
[EventCountry "HUN"]
[SourceTitle "EXT 2021"]
[Source "ChessBase"]
[SourceDate "2020.10.23"]
[SourceVersion "1"]
[SourceVersionDate "2020.10.23"]
[SourceQuality "1"]
[WhiteTeam "Kazincbarcika"]
[BlackTeam "Sajobabony"]
[WhiteTeamCountry "HUN"]
[BlackTeamCountry "HUN"]

1. c4 c6 2. Nf3 d5 3. d4 Nf6 4. Bg5 Ne4 5. Bf4 e6 6. Qc2 Bd6 7. Bxd6 Qxd6 8. e3 Nd7 9. Bd3 Ndf6 10. c5 Qc7 11. Nc3 Nxc3 12. Qxc3 b6 13. Rc1 Bb7 14. Ne5 b5 15. 0-0 0-0 16. f4 a6 17. Rf3 Ne4 18. Qc2 f6 19. Ng4 f5 20. Ne5 a5 21. Bxe4 fxe4 22. Rh3 b4 23. Qe2 g6 24. Qg4 Rae8 25. Qh4 Qg7 26. g4 Rf6 27. g5 Rf5 28. Ng4 Kh8 29. Nf6 Re7 30. b3 Rf7 31. Ne8 Qf8 32. Nd6 Ba6 33. Nxf7+ Qxf7 34. Qe1 e5 35. dxe5 d4 36. Rd1 d3 37. Qd2 Qd5 38. Rc1 Bc8 39. Rh6 Kg7 40. h4 Rxe5 41. fxe5 Qxe5 42. Qh2 Qxh2+ 43. Kxh2 Bg4 44. Kg3 d2 45. Rg1 d1Q 46. Rxd1 Bxd1 47. h5 Bc2 48. hxg6 hxg6 49. Kf4 Bb1 50. Rh2 Kf7 51. Ke5 Ke7 52. Rh7+ Kf8 53. Kf6 Ke8 54. Rh2 1-0

[Event "HUN-chT2 Barcza 1314"]
[Site "Hungary"]
[Date "2014.02.02"]
[Round "6"]
[White "Vodila, Martin Botond"]
[Black "Sike, Tamas"]
[Result "0-1"]
[WhiteElo "1653"]
[BlackElo "1930"]
[PlyCount "106"]
[EventDate "2013.09.08"]
[EventType "team-tourn"]
[EventRounds "11"]
[EventCountry "HUN"]
[SourceTitle "EXT 2016"]
[Source "ChessBase"]
[SourceDate "2015.10.08"]
[SourceVersion "1"]
[SourceVersionDate "2015.10.08"]
[SourceQuality "1"]
[WhiteTeam "Edeleny"]
[BlackTeam "Kazincbarcika"]
[WhiteTeamCountry "HUN"]
[BlackTeamCountry "HUN"]

1. e4 c5 2. Nf3 d6 3. d4 cxd4 4. Qxd4 Nc6 5. Bb5 Bd7 6. Bxc6 bxc6 7. b3 Qb6 8. Bb2 Qxd4 9. Nxd4 Nf6 10. Nd2 g6 11. N4f3 Bg7 12. 0-0-0 0-0 13. Rhe1 Ng4 14. Bxg7 Kxg7 15. Re2 e6 16. h3 Nh6 17. Nc4 d5 18. Nce5 Rfd8 19. Nxd7 Rxd7 20. Ne5 Rc7 21. Kb2 Rd8 22. Red2 Ng8 23. c4 Ne7 24. Ng4 f5 25. exf5 gxf5 26. Ne5 Kf6 27. Nf3 e5 28. g4 fxg4 29. hxg4 d4 30. Re1 Ng6 31. Re4 c5 32. Kc2 Re7 33. a3 a5 34. Rd1 Rf8 35. Rde1 Rb8 36. Rh1 a4 37. bxa4 Reb7 38. Rc1 Rb2+ 39. Kd1 Rxf2 40. Nd2 Nf4 41. Re1 Rg2 42. Ne4+ Kg6 43. Nxc5 Rbb2 44. Rxe5 Rgd2+ 45. Ke1 Ng2+ 46. Kf1 Ne3+ 47. Rxe3 dxe3 48. Re1 Rf2+ 49. Kg1 Rg2+ 50. Kh1 Rh2+ 51. Kg1 Rbg2+ 52. Kf1 e2+ 53. Rxe2 Rxe2 0-1

[Event "HUN-chT U18"]
[Site "Miskolc"]
[Date "2011.11.02"]
[Round "1.3"]
[White "Sike, Tamas"]
[Black "Kiss, Peter2222"]
[Result "0-1"]
[WhiteElo "1813"]
[BlackElo "2010"]
[PlyCount "50"]
[EventDate "2011.11.02"]
[EventType "team-swiss"]
[EventRounds "8"]
[EventCountry "HUN"]
[SourceTitle "EXT 2012"]
[Source "ChessBase"]
[SourceDate "2011.11.24"]
[SourceVersion "1"]
[SourceVersionDate "2011.11.24"]
[SourceQuality "1"]
[WhiteTeam "SSASSE"]
[BlackTeam "Kobanya Aquarena"]
[WhiteTeamCountry "HUN"]
[BlackTeamCountry "HUN"]

1. e4 c5 2. Nf3 Nc6 3. d4 cxd4 4. Nxd4 Qb6 5. Nb3 Nf6 6. Nc3 e6 7. Be3 Qc7 8. f3 Bb4 9. Bd2 a6 10. a3 Be7 11. Bd3 0-0 12. 0-0 d5 13. exd5 exd5 14. Bg5 Be6 15. Qd2 h6 16. Bh4 Rfd8 17. Ne2 Ne5 18. Bg3 Bd6 19. f4 Nc4 20. Qc1 Bg4 21. Nc3 Nh5 22. Kh1 Nxg3+ 23. hxg3 Bc5 24. Nxd5 Rxd5 25. Bxc4 Rh5# 0-1